El hacedor (Registro nro. 754)

Detalles MARC
000 -CABECERA
Longitud fija campo de control 00823nam a2200277 i 4500
005 - • FECHA Y HORA DE LA ÚLTIMA TRANSACCIÓN
Fecha y hora de la última transacción 20220316235353.0
007 - • CAMPO FIJO DE DESCRIPCIÓN FÍSICA
Campo fijo de descripción física ta
008 - • CÓDIGOS DE INFORMACIÓN DE LONGITUD FIJA
Códigos de información de longitud fija 200426s2003 sp gr 000 e spa d
020 ## - • NÚMERO INTERNACIONAL NORMALIZADO PARA LIBROS
Número Internacional Normalizado para Libros (ISBN) 842063333X
040 ## - FUENTE DE LA CATALOGACIÓN
Centro catalogador de origen CO-BoRNBP
Lengua de catalogación spa
Normas de descripción rda
Centro transcriptor CO-BoRNBP
041 0# - • CÓDIGO DE LENGUA
Código de lengua del texto/banda sonora o título independiente spa
043 ## - CÓDIGO DE ÁREA GEOGRÁFICA
Código de área geográfica s-ck---
082 04 - • NÚMERO DE LA CLASIFICACIÓN DECIMAL DEWEY
Número de clasificación (R) AR868
Número del ítem B67h
Número de edición 23
100 1# - • PUNTO DE ACCESO PRINCIPAL-NOMBRE DE PERSONA
Nombre de persona Borges, Jorge Luis
Fechas asociadas al nombre 1899-1986
Término indicativo de función autor
245 13 - • TITULO PROPIAMENTE DICHO
Título El hacedor
Mención de responsabilidad, etc. Jorge Luis Borges
250 ## - • MENCIÓN DE EDICIÓN
Mención de edición Quinta reimpresión
264 #1 - PRODUCCIÓN, PUBLICACIÓN , DISTRIBUCIÓN, FABRICACIÓN Y COPYRIGHT
Lugar de producción, publicación, distribución, fabricación Madrid
Nombre del productor, editor, distribuidor, fabricante Alianza
Fecha de de producción, publicación, distribución, fabricación o copyright 2003
300 ## - • DESCRIPCIÓN FÍSICA
Extensión 133 páginas
Dimensiones 18 cm
336 ## - TIPO DE CONTENIDO
Término de tipo de contenido texto
Código de tipo de contenido txt
Fuente rdacontent
337 ## - TIPO DE MEDIO
Nombre del tipo de medio sin mediación
Código del tipo de medio n
Fuente rdamedia
338 ## - TIPO DE SOPORTE
Nombre del tipo de soporte volumen
Código del tipo de soporte nc
Fuente rdacarrier
490 0# - • MENCIÓN DE SERIE
Mención de serie El libro de bolsillo
Nombre de la parte/sección (NR) biblioteca de autor
650 17 - • PUNTO DE ACCESO ADICIONAL DE MATERIA - TÉRMINO DE MATERIA
Término de materia o nombre geográfico como elemento inicial Ensayos argentinos
Subdivisión cronológica Siglo XX
Fuente del encabezamiento o término ARMARC
650 17 - • PUNTO DE ACCESO ADICIONAL DE MATERIA - TÉRMINO DE MATERIA
Término de materia o nombre geográfico como elemento inicial Literatura argentina
Subdivisión cronológica Siglo XX
Fuente del encabezamiento o término ARMARC
942 ## - ENTRADA DE ELEMENTOS AGREGADOS (KOHA)
Fuente de clasificaión o esquema Dewey Decimal Classification
Koha [por defecto] tipo de item Libro Literatura
Existencias
Perdido Fuente de clasificación o esquema Estado Físico No para préstamo Localización permanente Localización actual Fecha adquisición Préstamos totales Signatura completa Código de barras Fecha última consulta Número de copia Fecha del precio de reemplazo Tipo de item de Koha Forma de adquisición Localización en estanterías
  Dewey Decimal Classification     Biblioteca Pública Cubarral Biblioteca Pública Cubarral 08/11/2023   AR868 B67h CUB03010 08/11/2023 Ej.1 08/11/2023 Libro Literatura Colección General General
  Dewey Decimal Classification     Biblioteca Pública Fuentedeoro - Henry Llanos García Biblioteca Pública Fuentedeoro - Henry Llanos García 06/06/2023   AR868 B67h Fo00001045 06/06/2023 Ej.1 06/06/2023 Libro Literatura Colección General General
  Dewey Decimal Classification     Biblioteca Pública José Eustasio Rivera - San Martin Biblioteca Pública José Eustasio Rivera - San Martin 09/21/2023   AR868 B67h SM002645 09/21/2023 Ej.1 09/21/2023 Libro Literatura Colección General General
  Dewey Decimal Classification     Biblioteca Pública Puerto Lleras Biblioteca Pública Puerto Lleras 01/16/2025   AR868 B67h PLL01649 01/16/2025 Ej.1 01/16/2025 Libro Literatura Colección General Literatura
  Dewey Decimal Classification     Biblioteca Pública San Carlos de Guaroa - Eduardo Carranza Biblioteca Pública San Carlos de Guaroa - Eduardo Carranza 07/01/2025   AR868 B67h SG03473 07/01/2025 Ej.1 07/01/2025 Libro Literatura Colección General General
  Dewey Decimal Classification     Biblioteca Pública El Castillo - Alfonso Meneses Biblioteca Pública El Castillo - Alfonso Meneses 09/20/2023   AR8868 B67h EC02893 09/20/2023 Ej.1 09/20/2023 Libro Literatura Colección General Literatura hispanoamericana
  Dewey Decimal Classification     Biblioteca Pública Guamal Biblioteca Pública Guamal 04/14/2023   AR868 B67h GUA003138 04/14/2023 Ej.1 04/14/2023 Libro Literatura Colección General General
  Dewey Decimal Classification     Biblioteca Pública Mapiripan Biblioteca Pública Mapiripan 01/18/2024   AR868 b67H MAP00002741 01/18/2024 Ej.1 01/18/2024 Libro Literatura Colección General General
  Dewey Decimal Classification     Biblioteca Pública Puerto Rico Biblioteca Pública Puerto Rico 12/05/2022   AR868B67hEj.1 PR000000L38 12/05/2022 Ej.1 12/05/2022 Libro Literatura    
  Dewey Decimal Classification     Biblioteca Pública Uribe - Reinerio Arenas Biblioteca Pública Uribe - Reinerio Arenas 08/20/2024   AR868 B67h URI01164 08/20/2024 Ej.1 08/20/2024 Libro Literatura Colección General General









Instituto Departamental de Cultura del Meta - Red Departamental de Bibliotecas Públicas del Meta.